[Event "IIFL Wealth  4th Mumbai Junior U-13"]
[Site "Mumbai"]
[Date "2019.01.07"]
[Round "9"]
[White "Kshatriya Nitin Vekhande"]
[Black "Thatavarthy Siva Suhas"]
[Result "1/2-1/2"]
[WhiteElo "1544"]
[BlackElo "1173"]
[Annotator "NA RC"]
[PlyCount "95"]
[EventDate "2018.12.30"]
[EventType "swiss"]
[EventCountry "IND"]
[SourceTitle "playchess.com"]
[Source "ChessBase"]
[SourceQuality "1"]
[TimeControl "40/5400+30:1800+30"]

1. e4 {[%emt 0:10:13]} c5 {[%emt 0:02:08]} 2. Nf3 {[%emt 0:00:20]} d6 {[%emt 0:00:49]} 3. d4 {[%emt 0:00:04]} cxd4 {[%emt 0:00:28]} 4. Nxd4 {[%emt 0:00:39]} Nf6 {[%emt 0:00:14]} 5. Nc3 {[%emt 0:00:03]} g6 {[%emt 0:00:18]} 6. Be3 {[%emt 0:00:43]} Bg7 {[%emt 0:00:09]} 7. f3 {[%emt 0:00:03]} O-O {[%emt 0:00:08]} 8. Qd2 {[%emt 0:00:02]} Nc6 {[%emt 0:00:06]} 9. Bc4 {[%emt 0:00:05]} Bd7 {[%emt 0:00:04]} 10. O-O-O {[%emt 0:00:06]} Qa5 {[%emt 0:03:53]} 11. Nb3 {[%emt 0:00:12]} Qb4 {[%emt 0:05:17]} 12. Bd3 {[%emt 0:16:54]} Na5 {[%emt 0:03:02]} 13. Kb1 {[%emt 0:01:07]} Nxb3 {[%emt 0:06:36]} 14. cxb3 Rfc8 {[%emt 0:05:01]} 15. Bc4 {[%emt 0:05:14]} a6 {[%emt 0:03:15]} 16. g4 {[%emt 0:03:26]} b5 {[%emt 0:06:59]} 17. Bd5 {[%emt 0:03:08]} Bc6 {[%emt 0:00:33]} 18. h4 {[%emt 0:00:45]} Bxd5 {[%emt 0:00:51]} 19. exd5 {[%emt 0:10:09]} Nd7 {[%emt 0:02:57]} 20. h5 {[%emt 0:21:50]} Bxc3 {[%emt 0:14:29]} 21. bxc3 {[%emt 0:00:46]} Qxc3 {[%emt 0:00:07]} 22. hxg6 {[%emt 0:00:13]} fxg6 {[%emt 0:00:14]} 23. Qh2 {[%emt 0:01:19]} Qg7 {[%emt 0:00:38]} 24. Bd4 {[%emt 0:01:14]} Qf7 {[%emt 0:00:57]} 25. Bb2 {[%emt 0:00:28]} Rc7 {[%emt 0:22:15]} 26. f4 Rac8 {[%emt 0:03:41]} 27. Rd2 {[%emt 0:16:28]} Nf6 {[%emt 0:02:58]} 28. Qg2 {[%emt 0:01:09]} Rc5 {[%emt 0:02:05]} 29. Rhd1 {[%emt 0:00:17]} a5 {[%emt 0:00:46]} 30. a3 {[%emt 0:00:27]} a4 {[%emt 0:00:17]} 31. b4 {[%emt 0:00:16]} Rc4 {[%emt 0:00:24]} 32. Qf3 {[%emt 0:02:30]} Ne4 {[%emt 0:02:24]} 33. Rd3 {[%emt 0:00:41]} Nf6 {[%emt 0:01:36]} 34. R1d2 {[%emt 0:01:14]} Ne4 {[%emt 0:04:03]} 35. Rd1 {[%emt 0:00:03]} Nf6 {[%emt 0:00:50]} 36. R1d2 {[%emt 0:00:23]} Ne4 {[%emt 0:00:24]} 37. Rd1 {[%emt 0:00:01]} Nf6 {[%emt 0:01:05]} 38. Rh1 Rf8 {[%emt 0:01:58]} 39. Bc1 {[%emt 0:05:06]} Nd7 {[%emt 0:00:51]} 40. Qh3 {[%emt 0:00:00]} Rfc8 {[%emt 0:00:00]} 41. g5 {[%emt 0:01:37]} Nf8 {[%emt 0:03:04]} 42. Re1 {[%emt 0:06:46]} R4c7 {[%emt 0:01:28]} 43. Rf1 {[%emt 0:02:27]} Qf5 {[%emt 0:00:16]} 44. Bb2 {[%emt 0:01:09]} Qxh3 {[%emt 0:00:43]} 45. Rxh3 {[%emt 0:00:04]} Rc4 {[%emt 0:02:43]} 46. Re3 {[%emt 0:00:55]} R8c7 {[%emt 0:01:46]} 47. Rf2 {[%emt 0:04:49]} Rb7 {[%emt 0:00:47]} 48. Rff3 1/2-1/2

[Event "IIFL Wealth  4th Mumbai Junior U-13"]
[Site "Mumbai"]
[Date "2019.01.07"]
[Round "9"]
[White "Abhinav Dubey"]
[Black "Rout Yashita"]
[Result "0-1"]
[WhiteElo "1497"]
[BlackElo "1264"]
[Annotator "NA RC"]
[PlyCount "130"]
[EventDate "2018.12.30"]
[EventType "swiss"]
[EventCountry "IND"]
[SourceTitle "playchess.com"]
[Source "ChessBase"]
[SourceQuality "1"]
[TimeControl "40/5400+30:1800+30"]

1. e4 {[%emt 0:00:00]} e5 {[%emt 0:02:26]} 2. Nf3 {[%emt 0:00:00]} Nc6 {[%emt 0:00:08]} 3. Bb5 {[%emt 0:00:00]} a6 {[%emt 0:00:13]} 4. Ba4 {[%emt 0:00:00]} Nf6 {[%emt 0:00:13]} 5. O-O {[%emt 0:00:00]} Be7 {[%emt 0:00:14]} 6. Re1 {[%emt 0:00:04]} b5 {[%emt 0:00:30]} 7. Bb3 {[%emt 0:00:05]} d6 {[%emt 0:00:12]} 8. c3 {[%emt 0:00:06]} O-O {[%emt 0:00:10]} 9. h3 {[%emt 0:00:05]} Na5 {[%emt 0:00:07]} 10. Bc2 {[%emt 0:00:06]} c5 {[%emt 0:00:07]} 11. d4 {[%emt 0:00:05]} Nd7 {[%emt 0:00:20]} 12. d5 {[%emt 0:01:42]} Nb6 {[%emt 0:00:40]} 13. Nbd2 {[%emt 0:01:15]} f5 {[%emt 0:02:20]} 14. Nf1 {[%emt 0:01:28]} f4 {[%emt 0:00:57]} 15. a4 {[%emt 0:06:29]} Bd7 {[%emt 0:02:32]} 16. axb5 {[%emt 0:01:05]} axb5 {[%emt 0:00:10]} 17. b3 {[%emt 0:10:38]} Kh8 {[%emt 0:02:49]} 18. N3h2 {[%emt 0:05:44]} Qe8 {[%emt 0:01:45]} 19. Bb2 {[%emt 0:04:10]} g5 {[%emt 0:02:46]} 20. Nd2 {[%emt 0:03:16]} Qg6 {[%emt 0:01:35]} 21. Bd3 {[%emt 0:11:16]} Nb7 {[%emt 0:06:23]} 22. Be2 {[%emt 0:02:11]} Rxa1 {[%emt 0:03:56]} 23. Bxa1 {[%emt 0:00:08]} Ra8 {[%emt 0:01:52]} 24. Qc2 {[%emt 0:09:33]} Nxd5 {[%emt 0:00:52]} 25. c4 {[%emt 0:00:57]} Nb4 {[%emt 0:00:58]} 26. Qb1 {[%emt 0:00:13]} Qe8 {[%emt 0:01:40]} 27. Ndf3 {[%emt 0:04:38]} Bf6 {[%emt 0:01:50]} 28. Ng4 {[%emt 0:03:34]} Bxg4 {[%emt 0:00:18]} 29. hxg4 {[%emt 0:00:07]} bxc4 {[%emt 0:00:25]} 30. Bxc4 {[%emt 0:00:16]} Na5 {[%emt 0:02:43]} 31. Be2 {[%emt 0:00:16]} Rb8 {[%emt 0:00:44]} 32. Qd1 {[%emt 0:00:30]} Qe7 {[%emt 0:01:15]} 33. Nd2 {[%emt 0:02:45]} d5 {[%emt 0:02:13]} 34. exd5 {[%emt 0:00:21]} Nxd5 {[%emt 0:05:26]} 35. Ne4 {[%emt 0:00:11]} Rd8 {[%emt 0:05:53]} 36. Qc2 {[%emt 0:00:54]} Bg7 {[%emt 0:01:39]} 37. Qxc5 {[%emt 0:01:26]} Qxc5 {[%emt 0:00:15]} 38. Nxc5 {[%emt 0:00:15]} Rc8 {[%emt 0:00:19]} 39. Rc1 {[%emt 0:03:34]} Nb7 {[%emt 0:03:48]} 40. Bf3 {[%emt 0:00:00]} Rxc5 {[%emt 0:00:00]} 41. Rxc5 {[%emt 0:01:09]} Nxc5 {[%emt 0:00:17]} 42. Bxd5 {[%emt 0:00:06]} e4 {[%emt 0:01:19]} 43. Bxg7+ {[%emt 0:01:04]} Kxg7 {[%emt 0:00:01]} 44. b4 {[%emt 0:00:43]} Nd3 {[%emt 0:00:05]} 45. b5 {[%emt 0:01:16]} e3 {[%emt 0:00:19]} 46. fxe3 {[%emt 0:00:07]} fxe3 {[%emt 0:00:04]} 47. Kf1 {[%emt 0:00:04]} e2+ {[%emt 0:00:07]} 48. Kxe2 {[%emt 0:00:29]} Nf4+ {[%emt 0:00:06]} 49. Ke3 {[%emt 0:00:04]} Nxd5+ {[%emt 0:00:01]} 50. Kd4 {[%emt 0:00:06]} Nb6 {[%emt 0:02:04]} 51. Kc5 {[%emt 0:00:05]} Na4+ {[%emt 0:00:07]} 52. Kb4 {[%emt 0:00:08]} Nb6 {[%emt 0:00:04]} 53. Kc5 {[%emt 0:00:04]} Nc8 {[%emt 0:01:56]} 54. Kc6 {[%emt 0:05:21]} Na7+ {[%emt 0:00:10]} 55. Kb6 {[%emt 0:00:05]} Nxb5 {[%emt 0:00:02]} 56. Kxb5 {[%emt 0:00:01]} Kf6 {[%emt 0:00:15]} 57. Kc6 {[%emt 0:00:18]} Ke5 {[%emt 0:00:04]} 58. Kd7 {[%emt 0:00:07]} Kf4 {[%emt 0:00:04]} 59. Ke6 {[%emt 0:00:08]} Kxg4 {[%emt 0:00:48]} 60. Kf6 {[%emt 0:00:08]} Kh4 {[%emt 0:02:53]} 61. Kf5 {[%emt 0:02:18]} h5 {[%emt 0:01:37]} 62. Kg6 {[%emt 0:03:50]} Kg4 {[%emt 0:01:23]} 63. Kh6 {[%emt 0:00:10]} h4 {[%emt 0:00:03]} 64. Kg6 {[%emt 0:00:09]} Kf4 {[%emt 0:00:05]} 65. Kh5 {[%emt 0:00:06]} Kf5 {[%emt 0:00:03]} 0-1

[Event "IIFL Wealth  4th Mumbai Junior U-13"]
[Site "Mumbai"]
[Date "2019.01.07"]
[Round "9"]
[White "Marium Fatima"]
[Black "Gosrani, Reeyan"]
[Result "1/2-1/2"]
[WhiteElo "1494"]
[BlackElo "1190"]
[Annotator "NA RC"]
[PlyCount "116"]
[EventDate "2018.12.30"]
[EventType "swiss"]
[EventCountry "IND"]
[SourceTitle "playchess.com"]
[Source "ChessBase"]
[SourceQuality "1"]
[TimeControl "40/5400+30:1800+30"]

1. d4 d5 2. Nf3 Nf6 3. g3 g6 4. Bg2 Bg7 5. O-O O-O 6. Nbd2 Nc6 7. b3 Re8 8. Bb2 Bd7 9. c4 e6 10. Rc1 Rc8 11. Qc2 Nb4 12. Qb1 Bh6 13. a3 Nc6 14. e3 Ne7 15. Ne5 c6 16. Rfd1 Nh5 17. Nef3 f5 18. Ne5 Nf6 19. Qd3 Ne4 20. f3 Nxd2 21. Rxd2 Kf8 22. Rf1 Ng8 23. Re2 Nf6 24. e4 Kg8 25. a4 a5 26. Rfe1 Qc7 27. Bc1 Bxc1 28. Rxc1 Qd8 29. Qe3 Qe7 30. g4 fxg4 31. fxg4 Rf8 32. Qh6 Be8 33. exd5 cxd5 34. Rce1 Qg7 35. Qd2 b6 36. g5 Nh5 37. cxd5 Nf4 38. Rf2 Nxd5 39. Bxd5 exd5 40. Rxf8+ Qxf8 41. Rf1 Qe7 42. Rf6 Qc7 43. Nd3 b5 44. Qf2 Qe7 45. Nc5 bxa4 46. bxa4 Rc6 47. Qf4 Qe1+ 48. Qf1 Qe3+ 49. Kh1 Qxd4 50. Rf8+ Kg7 51. Rxe8 Qxc5 52. Rd8 Qe7 53. Qa1+ Kf7 54. Qf1+ Kg7 55. Qa1+ Kf7 56. Qf1+ Kg7 57. Qa1+ Kf7 58. Qf1+ Kg7 1/2-1/2

[Event "IIFL Wealth  4th Mumbai Junior U-13"]
[Site "Mumbai"]
[Date "2019.01.07"]
[Round "9"]
[White "Arjun Sidharth S"]
[Black "Kadam Om Manish"]
[Result "0-1"]
[WhiteElo "1489"]
[BlackElo "1944"]
[Annotator "NA RC"]
[PlyCount "56"]
[EventDate "2018.12.30"]
[EventType "swiss"]
[EventCountry "IND"]
[SourceTitle "playchess.com"]
[Source "ChessBase"]
[SourceQuality "1"]
[TimeControl "40/5400+30:1800+30"]

1. d4 {[%emt 0:03:35]} Nf6 {[%emt 0:00:52]} 2. Nf3 {[%emt 0:00:12]} e6 {[%emt 0:00:05]} 3. e3 {[%emt 0:00:03]} c5 {[%emt 0:00:06]} 4. c3 {[%emt 0:00:05]} b6 {[%emt 0:00:15]} 5. Bd3 {[%emt 0:00:10]} Bb7 {[%emt 0:00:10]} 6. Nbd2 {[%emt 0:01:19]} d5 {[%emt 0:01:44]} 7. O-O {[%emt 0:00:10]} Bd6 {[%emt 0:00:06]} 8. Qc2 {[%emt 0:00:18] D05: Colle System with ...e6} (8. Qe2 O-O 9. e4 dxe4 10. Nxe4 Nxe4 11. Bxe4 Bxe4 12. Qxe4 Nd7 13. Bg5 Qc7 14. Rad1 Rae8 15. dxc5 Nxc5 {½-½ (30) Nouri,H (2363)-Swayams,M (2491) New Delhi 2017}) 8... O-O {[%emt 0:01:33]} 9. Qb1 {[%emt 0:08:24]} Nbd7 {[%emt 0:04:12]} 10. e4 {[%emt 0:02:17]} cxd4 {[%emt 0:00:17]} 11. cxd4 {[%emt 0:01:08]} e5 $146 {[%emt 0:00:40]} ({Predecessor:} 11... dxe4 12. Nxe4 Nxe4 13. Bxe4 Bxe4 14. Qxe4 Nf6 {0-1 (22) Agaoglu,A (1851)-Onem,C (1927) Canakkale 2015}) 12. dxe5 {[%emt 0:04:39]} ({White should play} 12. b3 $15) 12... Nxe5 {[%emt 0:00:50]} 13. Nxe5 {[%emt 0:00:10]} Bxe5 {[%emt 0:00:06]} 14. Nf3 {[%emt 0:00:10]} dxe4 {[%emt 0:00:08]} 15. Nxe5 {[%emt 0:00:31]} exd3 {[%emt 0:00:05]} 16. Bd2 {[%emt 0:14:18]} Re8 {[%emt 0:12:02]} 17. Bc3 {[%emt 0:10:14]} Qd5 {[%emt 0:01:50]} 18. Nf3 {[%emt 0:00:15]} Ne4 {[%emt 0:00:35]} 19. Rd1 {[%emt 0:01:49]} Nxc3 {[%emt 0:19:32]} 20. bxc3 {[%emt 0:00:19]} Rad8 {[%emt 0:00:02]} 21. Qb4 $2 {[%emt 0:05:02]} (21. Rd2) 21... Re4 {[%emt 0:01:26]} 22. Qb3 {[%emt 0:00:27]} Qc6 {[%emt 0:01:27]} 23. Re1 {[%emt 0:01:50]} d2 {[%emt 0:05:52]} 24. Rxe4 {[%emt 0:00:10]} Qxe4 {[%emt 0:00:10]} 25. Rd1 {[%emt 0:02:40]} Qe2 {[%emt 0:02:29]} 26. c4 {[%emt 0:00:30]} Bxf3 {[%emt 0:00:04]} 27. gxf3 {[%emt 0:00:07]} Rd6 {[%emt 0:00:25]} 28. c5 {[%emt 0:01:57]} Rg6+ $19 {[%emt 0:00:25]} 0-1

[Event "IIFL Wealth  4th Mumbai Junior U-13"]
[Site "Mumbai"]
[Date "2019.01.07"]
[Round "9"]
[White "Raghu Ram Reddy Seelam"]
[Black "Tejes Suresh Kumar"]
[Result "0-1"]
[WhiteElo "1472"]
[BlackElo "1618"]
[Annotator "NA RC"]
[PlyCount "90"]
[EventDate "2018.12.30"]
[EventType "swiss"]
[EventCountry "IND"]
[SourceTitle "playchess.com"]
[Source "ChessBase"]
[SourceQuality "1"]
[TimeControl "40/5400+30:1800+30"]

1. e4 {[%emt 0:00:00]} e5 {[%emt 0:05:21]} 2. Nf3 {[%emt 0:00:12]} Nc6 {[%emt 0:00:04]} 3. Bc4 {[%emt 0:00:29]} Bc5 {[%emt 0:00:06]} 4. c3 {[%emt 0:00:49]} Nf6 {[%emt 0:00:04]} 5. d3 {[%emt 0:00:11]} O-O {[%emt 0:00:03]} 6. O-O {[%emt 0:02:19]} d5 7. exd5 {[%emt 0:01:24]} Nxd5 {[%emt 0:00:14]} 8. Re1 {[%emt 0:00:27]} Bg4 {[%emt 0:01:00]} 9. h3 {[%emt 0:04:05]} Bh5 {[%emt 0:05:53]} 10. Nbd2 {[%emt 0:02:10]} Nb6 {[%emt 0:00:45]} 11. Qe2 {[%emt 0:11:30]} Nxc4 {[%emt 0:10:22]} 12. Nxc4 {[%emt 0:03:40]} Re8 {[%emt 0:01:15]} 13. b4 {[%emt 0:10:23]} Bf8 {[%emt 0:07:04]} 14. Ne3 {[%emt 0:13:39]} f6 {[%emt 0:03:55]} 15. Rd1 {[%emt 0:01:54]} Qd7 {[%emt 0:03:00]} 16. Bb2 {[%emt 0:01:40]} Rad8 {[%emt 0:01:59]} 17. Nf1 {[%emt 0:05:24]} Bg6 {[%emt 0:08:47]} 18. Ne1 Qf7 {[%emt 0:03:27]} 19. Ng3 {[%emt 0:03:13]} Rd7 {[%emt 0:13:54]} 20. a3 {[%emt 0:12:24]} Nd8 {[%emt 0:03:26]} 21. Rd2 {[%emt 0:02:53]} Ne6 {[%emt 0:00:48]} 22. Rad1 {[%emt 0:00:41]} Nf4 {[%emt 0:03:03]} 23. Qe3 {[%emt 0:00:47]} a5 {[%emt 0:02:20]} 24. Ne2 {[%emt 0:07:08]} Nd5 {[%emt 0:00:45]} 25. Qa7 {[%emt 0:02:49]} axb4 {[%emt 0:00:12]} 26. axb4 {[%emt 0:00:14]} b6 {[%emt 0:00:49]} 27. Qa3 {[%emt 0:00:54]} f5 28. Qb3 {[%emt 0:06:00]} b5 {[%emt 0:03:09]} 29. Qc2 {[%emt 0:02:46]} c6 {[%emt 0:00:59]} 30. Qc1 {[%emt 0:00:30]} e4 {[%emt 0:01:46]} 31. Ng3 {[%emt 0:02:55]} e3 {[%emt 0:00:37]} 32. Re2 {[%emt 0:00:14]} f4 {[%emt 0:00:33]} 33. Nf1 {[%emt 0:00:48]} Bh5 {[%emt 0:04:15]} 34. f3 {[%emt 0:00:10]} Ne7 {[%emt 0:01:15]} 35. Nc2 {[%emt 0:00:45]} Nf5 {[%emt 0:00:08]} 36. Nd4 {[%emt 0:00:07]} Nh4 {[%emt 0:03:00]} 37. Nh2 {[%emt 0:01:05]} Qg6 {[%emt 0:04:02]} 38. Kh1 {[%emt 0:00:21]} Nf5 {[%emt 0:02:01]} 39. Nxf5 {[%emt 0:00:27]} Qxf5 {[%emt 0:00:01]} 40. d4 {[%emt 0:00:00]} Bf7 {[%emt 0:00:00]} 41. Qb1 {[%emt 0:00:58]} Qg5 {[%emt 0:02:24]} 42. Bc1 {[%emt 0:03:13]} Bc4 {[%emt 0:00:37]} 43. Ree1 {[%emt 0:00:13]} h5 {[%emt 0:03:37]} 44. Qb2 {[%emt 0:05:03]} e2 {[%emt 0:01:09]} 45. Rd2 {[%emt 0:01:51]} Qg3 {[%emt 0:00:04]} 0-1

[Event "IIFL Wealth  4th Mumbai Junior U-13"]
[Site "Mumbai"]
[Date "2019.01.07"]
[Round "9"]
[White "Adireddy Arjun"]
[Black "Pingale Shivraj"]
[Result "1/2-1/2"]
[WhiteElo "1468"]
[BlackElo "1580"]
[Annotator "NA RC"]
[PlyCount "75"]
[EventDate "2018.12.30"]
[EventType "swiss"]
[EventCountry "IND"]
[SourceTitle "playchess.com"]
[Source "ChessBase"]
[SourceQuality "1"]
[TimeControl "40/5400+30:1800+30"]

1. e4 {[%emt 0:00:00]} e6 {[%emt 0:00:00]} 2. d4 {[%emt 0:00:00]} d5 {[%emt 0:00:00]} 3. Bd3 {[%emt 0:00:02]} c5 {[%emt 0:01:06]} 4. exd5 {[%emt 0:00:10]} exd5 {[%emt 0:00:07]} 5. Nf3 {[%emt 0:00:07]} Nf6 6. O-O {[%emt 0:01:41]} Be7 {[%emt 0:01:38]} 7. dxc5 {[%emt 0:01:30]} O-O {[%emt 0:02:43]} 8. Be3 {[%emt 0:02:50]} Bg4 {[%emt 0:02:48]} 9. Nbd2 {[%emt 0:02:27]} Nc6 {[%emt 0:05:23]} 10. c3 {[%emt 0:00:38]} Ne5 {[%emt 0:01:30]} 11. Be2 {[%emt 0:00:14]} Nxf3+ {[%emt 0:00:48]} 12. Nxf3 {[%emt 0:00:33]} Ne4 {[%emt 0:01:04]} 13. h3 {[%emt 0:01:48]} Bh5 {[%emt 0:03:33]} 14. Qd3 {[%emt 0:01:08]} Bxc5 {[%emt 0:07:51]} 15. Rad1 {[%emt 0:15:28]} Bxe3 {[%emt 0:04:58]} 16. Qxe3 {[%emt 0:07:42]} Nf6 {[%emt 0:04:19]} 17. Qf4 {[%emt 0:02:38]} Qb6 {[%emt 0:05:50]} 18. Qb4 Qxb4 19. cxb4 {[%emt 0:01:01]} Rac8 {[%emt 0:00:52]} 20. g4 {[%emt 0:02:40]} Bg6 {[%emt 0:02:21]} 21. Rc1 {[%emt 0:00:12]} Rfd8 {[%emt 0:01:49]} 22. Nd4 {[%emt 0:00:37]} Ne4 {[%emt 0:04:37]} 23. Rfd1 {[%emt 0:04:56]} f6 24. Kg2 {[%emt 0:01:25]} Nd6 {[%emt 0:15:29]} 25. f3 {[%emt 0:01:29]} Bf7 {[%emt 0:02:02]} 26. b3 {[%emt 0:00:15]} Kf8 {[%emt 0:02:45]} 27. Rc5 {[%emt 0:00:54]} b6 {[%emt 0:03:58]} 28. Rcc1 {[%emt 0:01:04]} Rxc1 {[%emt 0:00:05]} 29. Rxc1 {[%emt 0:00:11]} Rc8 {[%emt 0:00:02]} 30. Rxc8+ {[%emt 0:00:53]} Nxc8 {[%emt 0:00:06]} 31. Ba6 {[%emt 0:00:06]} Ne7 {[%emt 0:02:38]} 32. Bb5 {[%emt 0:06:45]} Be8 {[%emt 0:07:33]} 33. Ne6+ {[%emt 0:01:54]} Kf7 {[%emt 0:00:22]} 34. Nd8+ {[%emt 0:05:35]} Kf8 {[%emt 0:00:10]} 35. Ne6+ {[%emt 0:00:50]} Kf7 {[%emt 0:00:05]} 36. Nd8+ {[%emt 0:00:35]} Kf8 {[%emt 0:00:13]} 37. Ne6+ {[%emt 0:00:09]} Kf7 {[%emt 0:00:10]} 38. Nd8+ {[%emt 0:01:49]} 1/2-1/2

[Event "IIFL Wealth  4th Mumbai Junior U-13"]
[Site "Mumbai"]
[Date "2019.01.07"]
[Round "9"]
[White "Nanal Arnav"]
[Black "Zia, Tahsin Tajwar"]
[Result "1/2-1/2"]
[WhiteElo "1456"]
[BlackElo "2125"]
[Annotator "TA"]
[PlyCount "76"]
[EventDate "2018.12.30"]
[EventType "swiss"]
[EventCountry "IND"]
[SourceTitle "playchess.com"]
[Source "ChessBase"]
[SourceQuality "1"]

{[%evp 24,76,20,0,26,23,60,0,0,0,40,40,40,41,37,44,86,74,70,64,73,31,112,103,107,101,102,100,109,87,120,76,118,28,123,78,108,47,58,44,49,38,71,63,67,56,65,61,69,24,59,0,73,0,75]} 1. e4 c5 2. Nf3 d6 3. d4 cxd4 4. Nxd4 Nf6 5. Nc3 Nc6 6. Bg5 e6 7. Qd2 a6 8. O-O-O Bd7 9. f3 Be7 10. h4 h6 {B67: Sicilian: Richter-Rauzer: 7...a6 8 0-0-0 Bd7, lines without 9 f4 Be7} 11. Be3 h5 12. Bg5 Qc7 13. Kb1 {LiveBook: 60 Games} Rc8 (13... Ne5 14. Bd3 b5 15. Rhe1 b4 16. Nce2 a5 17. f4 Neg4 18. Ng1 {½-½ (91) Short,N (2678)-Li,C (2732) Riadh 2017}) 14. Be2 b5 $146 ({Predecessor:} 14... O-O 15. Rhe1 Rfd8 16. Bf1 Be8 17. g3 Ne5 18. f4 {0-1 (37) Melkumyan,H (2379)-Mamedov,N (2463) Iran 2005}) 15. Bxb5 (15. Ndxb5 $14 axb5 16. Nxb5) 15... axb5 $11 16. Ndxb5 Qb8 17. Nxd6+ Bxd6 18. Qxd6 Qxd6 19. Rxd6 Ne5 20. Rhd1 Bc6 21. b3 O-O 22. Ne2 Ba8 (22... Nxe4 $14 23. fxe4 Bxe4) 23. Bxf6 $16 gxf6 24. Nf4 Kg7 25. Nxh5+ Kg6 26. Nf4+ Kh6 27. Nd3 Ng6 28. Nf2 ({Better is} 28. Rh1 $16) 28... Nf4 (28... Nxh4 $11 {keeps the balance.} 29. Rh1 Kg5) 29. g4 Rc3 {[#]} 30. Nd3 (30. Rd8 $1 $16 {[%cal Rd8f8]} Rc8 31. Rxf8 Rxf8 32. a4) 30... Ng2 31. h5 Rfc8 32. Rd2 Ne3 {[%cal Re3c2]} 33. Ne1 $36 {[%mdl 2048] White has good play.} Nf1 34. Rf2 Ng3 35. Rd3 R3c7 36. Rdd2 Rc3 37. Rd3 R3c7 $1 38. Rdd2 Rc3 {Accuracy: White = 36%, Black = 38%.} 1/2-1/2

[Event "IIFL Wealth  4th Mumbai Junior U-13"]
[Site "Mumbai"]
[Date "2019.01.07"]
[Round "9"]
[White "Sairaj Dilip Vernekar"]
[Black "Shreyas Ghadi"]
[Result "1/2-1/2"]
[WhiteElo "1445"]
[BlackElo "1653"]
[Annotator "NA RC"]
[PlyCount "121"]
[EventDate "2018.12.30"]
[EventType "swiss"]
[EventCountry "IND"]
[SourceTitle "playchess.com"]
[Source "ChessBase"]
[SourceQuality "1"]
[TimeControl "40/5400+30:1800+30"]

1. e4 {[%emt 0:00:00]} e6 {[%emt 0:01:08]} 2. d4 {[%emt 0:00:00]} d5 {[%emt 0:00:05]} 3. Bd3 {[%emt 0:00:00]} Nf6 {[%emt 0:00:05]} 4. e5 {[%emt 0:01:52]} Nfd7 {[%emt 0:00:13]} 5. Nf3 {[%emt 0:01:23]} c5 {[%emt 0:00:05]} 6. c3 {[%emt 0:00:28]} Nc6 {[%emt 0:00:14]} 7. Be3 {[%emt 0:04:26]} cxd4 {[%emt 0:03:21]} 8. cxd4 {[%emt 0:01:15]} f6 {[%emt 0:00:09]} 9. exf6 {[%emt 0:10:42]} Nxf6 {[%emt 0:00:12]} 10. O-O {[%emt 0:00:08]} Bd6 {[%emt 0:00:04]} 11. Nc3 {[%emt 0:00:49]} O-O {[%emt 0:01:25]} 12. Ng5 {[%emt 0:06:05]} Bd7 {[%emt 0:08:28]} 13. f4 {[%emt 0:11:51]} h6 {[%emt 0:05:40]} 14. Nf3 {[%emt 0:00:32]} Ng4 {[%emt 0:00:57]} 15. Bd2 {[%emt 0:08:42]} Nf6 {[%emt 0:44:18]} 16. Ne2 {[%emt 0:07:21]} Qb6 {[%emt 0:01:31]} 17. Bc3 {[%emt 0:00:12]} Rae8 {[%emt 0:04:00]} 18. Kh1 {[%emt 0:02:37]} a6 {[%emt 0:09:10]} 19. h3 {[%emt 0:05:31]} Ne7 {[%emt 0:05:12]} 20. Ne5 {[%emt 0:01:18]} Bb5 {[%emt 0:00:21]} 21. g4 {[%emt 0:07:13]} Bxd3 {[%emt 0:00:37]} 22. Qxd3 {[%emt 0:00:07]} Bxe5 {[%emt 0:01:04]} 23. dxe5 {[%emt 0:02:22]} Ne4 {[%emt 0:00:06]} 24. Bd4 {[%emt 0:00:23]} Qd8 {[%emt 0:01:20]} 25. Ng3 {[%emt 0:01:24]} Nc6 {[%emt 0:00:20]} 26. Rad1 {[%emt 0:03:28]} Nxd4 {[%emt 0:03:47]} 27. Nxe4 {[%emt 0:00:11]} dxe4 {[%emt 0:00:04]} 28. Qxd4 {[%emt 0:00:08]} Qxd4 {[%emt 0:00:04]} 29. Rxd4 {[%emt 0:00:12]} Rc8 {[%emt 0:03:20]} 30. Rxe4 {[%emt 0:00:10]} Rc2 {[%emt 0:00:01]} 31. f5 {[%emt 0:02:48]} Rxb2 {[%emt 0:01:55]} 32. Ref4 {[%emt 0:01:06]} Re2 {[%emt 0:00:45]} 33. Rb1 {[%emt 0:08:50]} b5 {[%emt 0:01:09]} 34. a4 {[%emt 0:01:16]} Rxe5 {[%emt 0:00:15]} 35. axb5 {[%emt 0:00:28]} axb5 {[%emt 0:00:01]} 36. Rfb4 {[%emt 0:00:22]} exf5 {[%emt 0:00:10]} 37. Rxb5 {[%emt 0:00:08]} Rxb5 {[%emt 0:00:03]} 38. Rxb5 {[%emt 0:00:06]} fxg4 {[%emt 0:00:04]} 39. hxg4 {[%emt 0:00:06]} Rf4 {[%emt 0:00:04]} 40. g5 {[%emt 0:00:00]} hxg5 {[%emt 0:00:00]} 41. Rxg5 {[%emt 0:00:32]} Kf7 {[%emt 0:04:57]} 42. Kg2 {[%emt 0:01:21]} Kf6 {[%emt 0:00:12]} 43. Ra5 {[%emt 0:00:07]} g5 {[%emt 0:00:13]} 44. Kg3 {[%emt 0:00:30]} Kg6 {[%emt 0:00:48]} 45. Ra6+ {[%emt 0:00:35]} Kh5 {[%emt 0:00:06]} 46. Ra8 {[%emt 0:00:26]} Rb4 {[%emt 0:00:33]} 47. Rh8+ {[%emt 0:00:43]} Kg6 {[%emt 0:00:00]} 48. Rg8+ {[%emt 0:01:05]} Kf6 {[%emt 0:00:02]} 49. Rf8+ {[%emt 0:00:35]} Kg7 {[%emt 0:00:08]} 50. Ra8 {[%emt 0:00:30]} Rb6 {[%emt 0:00:06]} 51. Kg4 {[%emt 0:00:43]} Kh6 {[%emt 0:00:28]} 52. Rh8+ {[%emt 0:00:43]} Kg6 {[%emt 0:00:07]} 53. Rg8+ {[%emt 0:00:05]} Kh6 {[%emt 0:00:05]} 54. Rh8+ {[%emt 0:00:09]} Kg6 {[%emt 0:00:36]} 55. Rg8+ {[%emt 0:00:20]} Kf6 {[%emt 0:00:05]} 56. Rxg5 {[%emt 0:01:03]} Rb4+ {[%emt 0:00:09]} 57. Kh5 {[%emt 0:00:14]} Rb1 {[%emt 0:00:00]} 58. Rg6+ {[%emt 0:00:21]} Kf5 {[%emt 0:00:00]} 59. Rg5+ {[%emt 0:00:08]} Kf6 {[%emt 0:00:00]} 60. Rg6+ {[%emt 0:00:05]} Kf7 {[%emt 0:00:00]} 61. Ra6 {[%emt 0:00:20]} 1/2-1/2